| 000 | 00374nam a2200109Ia 4500 | ||
|---|---|---|---|
| 008 | 160609s9999 xx 000 0 und d | ||
| 100 | _aCubitt, Sean. | ||
| 245 | _aDigital Light | ||
| 245 | _cAuthors: Cubitt ,Sean --- Palmer ,Daniel --- Tkacz ,Nathaniel | ||
| 260 | _c2015 | ||
| 856 | _uhttp://openhumanitiespress.org/books/download/Cubitt-Palmer-Tkacz_2015_Digital-Light.pdf | ||
| 999 |
_c295818 _d295818 |
||